Fun-Fact oder Fake-Fact? - Statistiken

Allgemein
  • Dieses Quiz wurde 86 mal gespielt
  • Das Durchschnittsergebnis liegt bei 14 aus 22
Antwortstatistiken
Frage Antwort % Korrekt
Die Sonne ist ein Stern. Wahrheit
91%
Das Herz eines Blauwals ist so groß wie ein Kleinwagen. Wahrheit
88%
Koalas schlafen bis zu 20 Stunden am Tag. Wahrheit
88%
Ein Oktopus hat drei Herzen. Wahrheit
83%
Der Eiffelturm wird im Sommer höher. Wahrheit
83%
In Deutschland gibt es mehr Autos als Einwohner. Lüge
76%
Elefanten können nicht springen. Wahrheit
76%
Ein blitz schlägt nie zweimal an derselben Stelle ein. Lüge
71%
Flamingos sind nicht von Natur aus pink. Wahrheit
71%
Der Mount Everest wächst jedes Jahr ein kleines Stück. Wahrheit
68%
Haie gibt es schon länger als Bäume Wahrheit
66%
Tomaten sind Gemüse. Lüge
64%
Die chinesische Mauer ist vom Mond aus mit bloßem Auge sichtbar. Lüge
59%
Der Mensch verwendet nur 10% seines Gehirns. Lüge
58%
Der Mensch teilt 50% seines DNA-Codes mit Bananen Wahrheit
58%
Bienen können menschliche Gesichter unterscheiden. Wahrheit
51%
In Australien gibt es mehr Schafe als Menschen. Wahrheit
51%
Der heißeste Planet in unserem Sonnensystem ist der Merkur. Lüge
49%
Glas ist eigentlich eine sehr langsam fließende Flüssigkeit. Lüge
43%
Katzen können süßen Geschmack nicht wahrnehmen. Wahrheit
43%
Wasser rotiert auf der Südhalbkugel immer in die entgegengesetzte Richtung im Abfluss. Lüge
42%
Goldfische haben eine 3-Sekunden lange Aufmerksamkeits-spanne. Lüge
41%
Keine übereinstimmenden Quizze gefunden
Verteilung der Resultate
Anzahl Personen mit jedem Resultat
Perzentil nach korrekt beantworteten Fragen
Ihre Resultats-Entwicklung
Sie haben dieses Quiz noch nicht gespielt